[Event "HUN-chT2 Erkel 1819"]
[Site "Hungary"]
[Date "2019.02.10"]
[Round "5.3"]
[White "Zanaty, Zsolt"]
[Black "Juracsik, Jozsef"]
[Result "1/2-1/2"]
[WhiteElo "2173"]
[BlackElo "2093"]
[PlyCount "32"]
[EventDate "2018.10.28"]
[EventType "team-tourn"]
[EventRounds "9"]
[EventCountry "HUN"]
[SourceTitle "EXT 2021"]
[Source "ChessBase"]
[SourceDate "2020.10.23"]
[SourceVersion "1"]
[SourceVersionDate "2020.10.23"]
[SourceQuality "1"]
[WhiteTeam "Varosgazda Akademia"]
[BlackTeam "Andornaktalya"]
[WhiteTeamCountry "HUN"]
[BlackTeamCountry "HUN"]

1. d4 Nf6 2. c4 g6 3. Nc3 Bg7 4. e4 d6 5. Nf3 0-0 6. Be2 e5 7. dxe5 dxe5 8. Qxd8 Rxd8 9. Bg5 Rf8 10. Nd5 Nxd5 11. cxd5 h6 12. Be3 f5 13. Nd2 b6 14. f3 c5 15. dxc6 Nxc6 16. Bc4+ Kh7 1/2-1/2

[Event "HUN-chT2 Erkel 1819"]
[Site "Hungary"]
[Date "2019.01.27"]
[Round "4.3"]
[White "Lorincz, Istvan"]
[Black "Zanaty, Zsolt"]
[Result "1-0"]
[WhiteElo "2221"]
[BlackElo "2173"]
[PlyCount "53"]
[EventDate "2018.10.28"]
[EventType "team-tourn"]
[EventRounds "9"]
[EventCountry "HUN"]
[SourceTitle "EXT 2021"]
[Source "ChessBase"]
[SourceDate "2020.10.23"]
[SourceVersion "1"]
[SourceVersionDate "2020.10.23"]
[SourceQuality "1"]
[WhiteTeam "Budapest EAC"]
[BlackTeam "Varosgazda Akademia"]
[WhiteTeamCountry "HUN"]
[BlackTeamCountry "HUN"]

1. d4 g6 2. c3 Bg7 3. Bf4 d6 4. Nf3 Nd7 5. e3 e5 6. Bg3 c6 7. Nbd2 Qc7 8. dxe5 Nxe5 9. Nc4 Nxc4 10. Bxc4 Be5 11. Nxe5 dxe5 12. Qf3 f5 13. 0-0-0 Nf6 14. Bh4 Rf8 15. Rd2 Bd7 16. Rhd1 0-0-0 17. Bxf6 Rxf6 18. Qh3 b5 19. Bb3 c5 20. Qxh7 c4 21. Bc2 Ra6 22. a3 b4 23. axb4 Ra1+ 24. Bb1 Qc6 25. Rd5 Qa4 26. Qe7 Qa2 27. Rc5+ 1-0

[Event "HUN-chT2 Erkel 1819"]
[Site "Hungary"]
[Date "2018.11.18"]
[Round "2.3"]
[White "Levay, Sorin"]
[Black "Zanaty, Zsolt"]
[Result "1/2-1/2"]
[WhiteElo "2149"]
[BlackElo "2173"]
[PlyCount "88"]
[EventDate "2018.10.28"]
[EventType "team-tourn"]
[EventRounds "9"]
[EventCountry "HUN"]
[SourceTitle "EXT 2021"]
[Source "ChessBase"]
[SourceDate "2020.10.23"]
[SourceVersion "1"]
[SourceVersionDate "2020.10.23"]
[SourceQuality "1"]
[WhiteTeam "Gyongyos Energia"]
[BlackTeam "Varosgazda Akademia"]
[WhiteTeamCountry "HUN"]
[BlackTeamCountry "HUN"]

1. g3 g6 2. Bg2 Bg7 3. Nf3 Nf6 4. 0-0 0-0 5. d4 d5 6. c4 c6 7. cxd5 cxd5 8. Nc3 Nc6 9. Ne5 Bd7 10. Bf4 e6 11. Nxc6 Bxc6 12. Be5 Ne4 13. Bxe4 dxe4 14. Bxg7 Kxg7 15. Qd2 Qd6 16. Rfd1 f5 17. Qf4 Qxf4 18. gxf4 Rac8 19. Rac1 Rfd8 20. e3 Bd5 21. b3 Rd7 22. Nb5 Rxc1 23. Rxc1 a6 24. Nc7 Kf7 25. Na8 Bc6 26. Nb6 Rd8 27. Kf1 Ke7 28. Ke1 Rg8 29. h4 h6 30. Ke2 g5 31. Rg1 Kf6 32. a4 Rg7 33. hxg5+ hxg5 34. fxg5+ Rxg5 35. Rh1 Rg2 36. Ke1 Rg7 37. b4 Ke7 38. Kd2 Kd6 39. Nc4+ Kd5 40. Rc1 Rg2 41. Ke2 Rg7 42. Nb2 b5 43. a5 Kd6 44. Rh1 Bd5 1/2-1/2

[Event "HUN-chT2 Erkel 1718"]
[Site "Hungary"]
[Date "2017.10.29"]
[Round "3.2"]
[White "Nagyajtai, Gabor"]
[Black "Zanaty, Zsolt"]
[Result "1/2-1/2"]
[WhiteElo "2140"]
[BlackElo "2155"]
[PlyCount "78"]
[EventDate "2017.09.24"]
[EventType "team-tourn"]
[EventRounds "11"]
[EventCountry "HUN"]
[SourceTitle "EXT 2021"]
[Source "ChessBase"]
[SourceDate "2020.10.23"]
[SourceVersion "1"]
[SourceVersionDate "2020.10.23"]
[SourceQuality "1"]
[WhiteTeam "Szada GSBE"]
[BlackTeam "Budapest MAFC"]
[WhiteTeamCountry "HUN"]
[BlackTeamCountry "HUN"]

1. d4 Nf6 2. c4 c5 3. d5 b5 4. Nf3 bxc4 5. Nc3 d6 6. e4 g6 7. Bxc4 Bg7 8. 0-0 0-0 9. h3 Nfd7 10. Re1 Ne5 11. Nxe5 Bxe5 12. Bh6 Re8 13. Qd2 Nd7 14. Re2 Rb8 15. Rae1 Qa5 16. Nd1 Qxd2 17. Rxd2 Rb4 18. Rc2 Bd4 19. Bd2 Rb8 20. b3 Ne5 21. Ne3 Nxc4 22. Nxc4 Ba6 23. Be3 Bxe3 24. Rxe3 Bxc4 25. Rxc4 Rb4 26. e5 Rxc4 27. bxc4 Rb8 28. exd6 exd6 29. Re7 Rb1+ 30. Kh2 a5 31. Ra7 Rb4 32. Rxa5 Rxc4 33. Ra6 Rc2 34. Rxd6 Rxa2 35. Rc6 Rc2 36. d6 Rd2 37. Kg3 Rd4 38. Kf3 Kg7 39. Rxc5 Rxd6 1/2-1/2

[Event "HUN-chT2 Erkel 1617"]
[Site "Hungary"]
[Date "2016.11.13"]
[Round "4.2"]
[White "Nogrady, Vilmos"]
[Black "Zanaty, Zsolt"]
[Result "1-0"]
[WhiteElo "2153"]
[BlackElo "2172"]
[PlyCount "47"]
[EventDate "2016.09.25"]
[EventType "team-tourn"]
[EventRounds "11"]
[EventCountry "HUN"]
[SourceTitle "EXT 2021"]
[Source "ChessBase"]
[SourceDate "2020.10.23"]
[SourceVersion "1"]
[SourceVersionDate "2020.10.23"]
[SourceQuality "1"]
[WhiteTeam "Fot"]
[BlackTeam "Budapest MAFC"]
[WhiteTeamCountry "HUN"]
[BlackTeamCountry "HUN"]

1. e4 e5 2. Bc4 Nc6 3. Nf3 Bc5 4. b4 Bxb4 5. c3 Ba5 6. d4 exd4 7. 0-0 Nge7 8. cxd4 d5 9. exd5 Nxd5 10. Ba3 Be6 11. Nbd2 Bb4 12. Bxb4 Ncxb4 13. Ne4 0-0 14. Nc5 b6 15. Ne4 Nf4 16. Qc1 Bxc4 17. Qxc4 Nbd5 18. g3 Ne6 19. Rac1 Re8 20. Ne5 Nf6 21. Nxf7 Qxd4 22. Qxd4 Nxd4 23. Nxf6+ Kxf7 24. Nxe8 1-0

[Event "HUN-chT2 Erkel 1516"]
[Site "Hungary"]
[Date "2016.04.17"]
[Round "11.2"]
[White "Liptay, Laszlo"]
[Black "Zanaty, Zsolt"]
[Result "1-0"]
[WhiteElo "2308"]
[BlackElo "2176"]
[PlyCount "65"]
[EventDate "2015.09.13"]
[EventType "team-tourn"]
[EventRounds "11"]
[EventCountry "HUN"]
[SourceTitle "EXT 2017"]
[Source "ChessBase"]
[SourceDate "2016.10.25"]
[SourceVersion "1"]
[SourceVersionDate "2016.10.25"]
[SourceQuality "1"]
[WhiteTeam "HASE"]
[BlackTeam "MAFC"]
[WhiteTeamCountry "HUN"]
[BlackTeamCountry "HUN"]

1. d4 d5 2. Nf3 Nf6 3. c4 c6 4. Nc3 e6 5. e3 Nbd7 6. Bd3 dxc4 7. Bxc4 b5 8. Be2 Bb7 9. a3 a6 10. b4 a5 11. Rb1 axb4 12. axb4 Bd6 13. e4 Qe7 14. Bd2 e5 15. dxe5 Nxe5 16. Nd4 0-0 17. f4 Nc4 18. e5 Bxe5 19. fxe5 Ne4 20. Bxc4 Rad8 21. Nxe4 Rxd4 22. Qe2 Qh4+ 23. Ng3 bxc4 24. 0-0 Qd8 25. Bc3 Rd3 26. Rbc1 Qd5 27. Nf5 Qe6 28. Qg4 g6 29. Nh6+ Kg7 30. Qxe6 fxe6 31. Rxf8 Kxf8 32. Ng4 h5 33. Nf6 1-0

[Event "HUN-chT2 Erkel 1516"]
[Site "Hungary"]
[Date "2015.12.06"]
[Round "6.2"]
[White "Zanaty, Zsolt"]
[Black "Gara, Gyorgy"]
[Result "1/2-1/2"]
[WhiteElo "2176"]
[BlackElo "2099"]
[PlyCount "36"]
[EventDate "2015.09.13"]
[EventType "team-tourn"]
[EventRounds "11"]
[EventCountry "HUN"]
[SourceTitle "CBM 170 Extra"]
[Source "ChessBase"]
[SourceDate "2016.02.25"]
[SourceVersion "1"]
[SourceVersionDate "2016.02.25"]
[SourceQuality "1"]
[WhiteTeam "MAFC"]
[BlackTeam "Matra"]
[WhiteTeamCountry "HUN"]
[BlackTeamCountry "HUN"]

1. e4 e6 2. d4 d5 3. Nc3 Nc6 4. Nf3 Nf6 5. e5 Ne4 6. Bd3 Bb4 7. Bd2 Nxd2 8. Qxd2 a6 9. a3 Be7 10. 0-0 Bd7 11. Ne2 b6 12. c4 dxc4 13. Bxc4 Na5 14. Ba2 Bc6 15. b4 Nb7 16. Qc2 Qd7 17. Rac1 Bxf3 18. gxf3 c5 1/2-1/2

[Event "HUN-chT2 Erkel 1516"]
[Site "Hungary"]
[Date "2015.11.29"]
[Round "5.2"]
[White "Deak, Ferenc"]
[Black "Zanaty, Zsolt"]
[Result "1-0"]
[WhiteElo "2242"]
[BlackElo "2176"]
[PlyCount "57"]
[EventDate "2015.09.13"]
[EventType "team-tourn"]
[EventRounds "11"]
[EventCountry "HUN"]
[SourceTitle "CBM 170 Extra"]
[Source "ChessBase"]
[SourceDate "2016.02.25"]
[SourceVersion "1"]
[SourceVersionDate "2016.02.25"]
[SourceQuality "1"]
[WhiteTeam "Foti"]
[BlackTeam "MAFC"]
[WhiteTeamCountry "HUN"]
[BlackTeamCountry "HUN"]

1. d4 Nf6 2. c4 c5 3. d5 b5 4. Nf3 g6 5. Qc2 bxc4 6. e4 d6 7. Bxc4 Bg7 8. 0-0 0-0 9. Bg5 Nbd7 10. h3 Nb6 11. Be2 Re8 12. Nc3 a5 13. Rad1 Nfd7 14. Nb5 Ne5 15. Nd2 f6 16. Bh4 Ba6 17. a4 Qd7 18. f4 Nf7 19. Bg4 Qb7 20. Be2 Nc8 21. Nb1 Na7 22. N1c3 Bxb5 23. Nxb5 Qb6 24. Nxa7 Rxa7 25. Bb5 Rf8 26. Bf2 g5 27. g3 Kh8 28. Qe2 Rg8 29. Qh5 1-0

[Event "HUN-chT2 Breyer 1415"]
[Site "Hungary"]
[Date "2014.11.16"]
[Round "?"]
[White "Ortel, Endre"]
[Black "Zanaty, Zsolt"]
[Result "1/2-1/2"]
[WhiteElo "2171"]
[BlackElo "2181"]
[PlyCount "21"]
[EventDate "2014.09.07"]
[EventType "team-tourn"]
[EventRounds "11"]
[EventCountry "HUN"]
[SourceTitle "EXT 2016"]
[Source "ChessBase"]
[SourceDate "2015.10.08"]
[SourceVersion "1"]
[SourceVersionDate "2015.10.08"]
[SourceQuality "1"]
[WhiteTeam "Pestszentlorinc"]
[BlackTeam "MAFC"]
[WhiteTeamCountry "HUN"]
[BlackTeamCountry "HUN"]

1. Nf3 c5 2. c4 g6 3. g3 Bg7 4. Bg2 Nc6 5. 0-0 d6 6. Nc3 e5 7. d3 Nge7 8. Ne1 0-0 9. Nc2 Rb8 10. Rb1 Be6 11. b4 1/2-1/2

[Event "HUN-chT2 Erkel 1314"]
[Site "Hungary"]
[Date "2013.10.20"]
[Round "3.3"]
[White "Zanaty, Zsolt"]
[Black "Bokros, Istvan"]
[Result "0-1"]
[WhiteElo "2182"]
[BlackElo "2120"]
[PlyCount "67"]
[EventDate "2013.09.08"]
[EventType "team-tourn"]
[EventRounds "11"]
[EventCountry "HUN"]
[SourceTitle "EXT 2016"]
[Source "ChessBase"]
[SourceDate "2015.10.08"]
[SourceVersion "1"]
[SourceVersionDate "2015.10.08"]
[SourceQuality "1"]
[WhiteTeam "Budapest MAFC"]
[BlackTeam "Pestszentlorinc"]
[WhiteTeamCountry "HUN"]
[BlackTeamCountry "HUN"]

1. e4 c5 2. Nf3 d6 3. d4 cxd4 4. Nxd4 Nf6 5. Nc3 a6 6. Bg5 e6 7. f4 Be7 8. Qf3 Qc7 9. 0-0-0 Nbd7 10. g4 b5 11. Bxf6 Nxf6 12. g5 Nd7 13. f5 0-0 14. Rg1 Ne5 15. Qh5 g6 16. Qh6 Re8 17. Rg3 Bf8 18. Qh4 Qd8 19. f6 Bb7 20. Bd3 Rc8 21. Rh3 h6 22. Nce2 Rc5 23. gxh6 Nxd3+ 24. Rdxd3 Rh5 25. h7+ Kxh7 26. Qg4 Bh6+ 27. Kb1 Rxh3 28. Rxh3 Qxf6 29. Rf3 Qe7 30. Rh3 Kg7 31. Ng3 Qg5 32. Qd1 Qd2 33. Qg1 Kf8 34. Nf3 0-1

[Event "Budapest-chT1 Lilienthal 1314"]
[Site "Budapest"]
[Date "2013.10.13"]
[Round "2"]
[White "Zanaty, Zsolt"]
[Black "Pongo, Istvan"]
[Result "1/2-1/2"]
[WhiteElo "2182"]
[BlackElo "1862"]
[PlyCount "84"]
[EventDate "2013.09.29"]
[EventType "team-tourn"]
[EventRounds "11"]
[EventCountry "HUN"]
[SourceTitle "EXT 2021"]
[Source "ChessBase"]
[SourceDate "2020.10.23"]
[SourceVersion "1"]
[SourceVersionDate "2020.10.23"]
[SourceQuality "1"]
[WhiteTeam "Rakosliget"]
[BlackTeam "REAC SISE"]
[WhiteTeamCountry "HUN"]
[BlackTeamCountry "HUN"]

1. e4 b6 2. d4 Bb7 3. Nc3 e6 4. Nf3 Bb4 5. Bd3 d6 6. 0-0 Nd7 7. Ne2 d5 8. e5 Be7 9. c3 c5 10. Kh1 h6 11. Nfg1 Qc7 12. f4 c4 13. Bc2 f5 14. exf6 Ngxf6 15. Bg6+ Kd8 16. Nf3 Kc8 17. Ng3 h5 18. Ne5 h4 19. Nh5 Nxh5 20. Bxh5 Nxe5 21. fxe5 Kd7 22. Bg4 Raf8 23. Bxe6+ Kd8 24. Be3 Qc6 25. Qg4 Kc7 26. Rf7 Rxf7 27. Bxf7 Rh7 28. Bg6 Rh8 29. Rf1 Bc8 30. Bf5 Rf8 31. Kg1 Rxf5 32. Qxg7 Rxf1+ 33. Kxf1 Qe6 34. Kg1 Bd7 35. h3 Kd8 36. Bg5 Bxg5 37. Qxg5+ Qe7 38. Qg8+ Be8 39. Qxd5+ Bd7 40. Qxc4 Qg5 41. Qd5 Qe3+ 42. Kh2 Qg3+ 1/2-1/2

[Event "Budapest-chT1 Lilienthal 1213"]
[Site "Budapest"]
[Date "2012.12.09"]
[Round "5"]
[White "Mester, Attila"]
[Black "Zanaty, Zsolt"]
[Result "0-1"]
[WhiteElo "2078"]
[BlackElo "2172"]
[PlyCount "71"]
[EventDate "2012.09.30"]
[EventType "team-tourn"]
[EventRounds "11"]
[EventCountry "HUN"]
[SourceTitle "EXT 2019"]
[Source "ChessBase"]
[SourceDate "2018.10.10"]
[SourceVersion "1"]
[SourceVersionDate "2018.10.10"]
[SourceQuality "1"]
[WhiteTeam "Penzugyor III"]
[BlackTeam "Budapest RAC"]
[WhiteTeamCountry "HUN"]
[BlackTeamCountry "HUN"]

1. e4 c5 2. Nf3 Nc6 3. d4 cxd4 4. Nxd4 Nf6 5. Nc3 e5 6. Ndb5 d6 7. Bg5 a6 8. Na3 b5 9. Nd5 Be7 10. Bxf6 Bxf6 11. c4 bxc4 12. Nxc4 0-0 13. Nxf6+ Qxf6 14. Qxd6 Qxd6 15. Nxd6 Nb4 16. Rc1 Nxa2 17. Rc5 Be6 18. Bc4 Bxc4 19. Rxc4 Rab8 20. Rc2 Rfd8 21. Nf5 Nb4 22. Rd2 Nd3+ 23. Ke2 Nf4+ 24. Kd1 Rxd2+ 25. Kxd2 Rxb2+ 26. Ke3 Nxg2+ 27. Kf3 Nf4 28. Ra1 Rb6 29. Rd1 h5 30. Rd8+ Kh7 31. Rd7 Rb3+ 32. Ne3 f6 33. Ra7 Ra3 34. h3 Nxh3 35. Ke2 Nf4+ 36. Kd2 0-1

[Event "HUN-chT2 Erkel 1213"]
[Site "Hungary"]
[Date "2012.11.04"]
[Round "3.2"]
[White "Mede, Istvan"]
[Black "Zanaty, Zsolt"]
[Result "1-0"]
[WhiteElo "2235"]
[BlackElo "2172"]
[PlyCount "67"]
[EventDate "2012.09.16"]
[EventType "team-tourn"]
[EventRounds "11"]
[EventCountry "HUN"]
[SourceTitle "EXT 2014"]
[Source "ChessBase"]
[SourceDate "2013.11.20"]
[SourceVersion "1"]
[SourceVersionDate "2013.11.20"]
[SourceQuality "1"]
[WhiteTeam "Paszto"]
[BlackTeam "Barcza"]
[WhiteTeamCountry "HUN"]
[BlackTeamCountry "HUN"]

1. e4 c5 2. Nc3 d6 3. f4 Nc6 4. Nf3 g6 5. Bc4 Bg7 6. 0-0 Nf6 7. d3 Bg4 8. h3 Bxf3 9. Qxf3 Nd4 10. Qf2 0-0 11. Be3 Nd7 12. a3 a6 13. Rae1 b5 14. Ba2 Rc8 15. Nd1 Nc6 16. f5 Kh8 17. Qh4 Bf6 18. Bg5 e5 19. fxg6 fxg6 20. Rxf6 Rxf6 21. Be6 Rxe6 22. Bxd8 Rxd8 23. Rf1 Kg7 24. Ne3 Nf6 25. Qg5 Rf8 26. Nf5+ Kf7 27. Nh6+ Kg7 28. c3 c4 29. Ng4 cxd3 30. Qh6+ Kg8 31. Nxf6+ Rexf6 32. Rd1 Na5 33. Rxd3 Nc4 34. Qc1 1-0

[Event "HUN-chT2 Erkel 1112"]
[Site "Hungary"]
[Date "2012.05.06"]
[Round "10.3"]
[White "Trajber, Csaba"]
[Black "Zanaty, Zsolt"]
[Result "1/2-1/2"]
[WhiteElo "2095"]
[BlackElo "2180"]
[PlyCount "63"]
[EventDate "2011.09.25"]
[EventType "team-tourn"]
[EventRounds "11"]
[EventCountry "HUN"]
[SourceTitle "EXT 2013"]
[Source "ChessBase"]
[SourceDate "2012.11.22"]
[SourceVersion "1"]
[SourceVersionDate "2012.11.22"]
[SourceQuality "1"]
[WhiteTeam "Vaci"]
[BlackTeam "MAFC"]
[WhiteTeamCountry "HUN"]
[BlackTeamCountry "HUN"]

1. e4 c5 2. Nf3 Nc6 3. d4 cxd4 4. Nxd4 Nf6 5. Nc3 e5 6. Ndb5 d6 7. Bg5 a6 8. Na3 b5 9. Bxf6 gxf6 10. Nd5 Bg7 11. Bd3 Be6 12. 0-0 f5 13. Qh5 Ra7 14. c4 bxc4 15. Nxc4 f4 16. g3 fxg3 17. fxg3 0-0 18. Nce3 Nd4 19. g4 f6 20. Rf2 Qa5 21. Nc4 Qc5 22. b4 Nf3+ 23. Kg2 Qd4 24. Rd1 Bxd5 25. exd5 Ne1+ 26. Rxe1 Qxd3 27. Ne3 Qe4+ 28. Kg3 Qxb4 29. Rc1 Qa3 30. Re1 Qc3 31. Ree2 Qd3 32. Qf5 1/2-1/2

[Event "HUN-chT2 Breyer 1011"]
[Site "Hungary"]
[Date "2010.11.21"]
[Round "6.5"]
[White "Bereczki, Istvan"]
[Black "Zanaty, Zsolt"]
[Result "0-1"]
[WhiteElo "2088"]
[BlackElo "2194"]
[PlyCount "82"]
[EventDate "2010.09.12"]
[EventType "team-tourn"]
[EventRounds "11"]
[EventCountry "HUN"]
[SourceTitle "EXT 2012"]
[Source "ChessBase"]
[SourceDate "2011.11.24"]
[SourceVersion "1"]
[SourceVersionDate "2011.11.24"]
[SourceQuality "1"]
[WhiteTeam "Szazhalombatta"]
[BlackTeam "MAFC"]
[WhiteTeamCountry "HUN"]
[BlackTeamCountry "HUN"]

1. e4 c5 2. d4 cxd4 3. Nf3 Nc6 4. c3 dxc3 5. Nxc3 d6 6. Bc4 e6 7. 0-0 Be7 8. Qe2 Nf6 9. Rd1 e5 10. h3 0-0 11. Bg5 a6 12. Bxf6 Bxf6 13. Qd2 b5 14. Bd5 Bb7 15. Bxc6 Bxc6 16. Qxd6 Qxd6 17. Rxd6 Rac8 18. Nd5 Bxd5 19. Rxd5 Rc2 20. Rb1 Re8 21. Kf1 h6 22. Ne1 Rc6 23. Nd3 Rc4 24. f3 Rec8 25. a3 Rc2 26. Nb4 Rc1+ 27. Rxc1 Rxc1+ 28. Ke2 a5 29. Nd3 Rc2+ 30. Kf1 Rd2 31. b4 a4 32. g3 Be7 33. Nxe5 Rxd5 34. exd5 Bxb4 35. Ke2 Bxa3 36. Nc6 Bd6 37. f4 a3 38. Nd4 a2 39. Nb3 Ba3 40. Kd3 Bb2 41. d6 Kf8 0-1

[Event "HUN-chT2 Breyer 1011"]
[Site "Hungary"]
[Date "2010.10.10"]
[Round "3.6"]
[White "Zanaty, Zsolt"]
[Black "Csolig, Robert"]
[Result "1-0"]
[WhiteElo "2194"]
[BlackElo "2188"]
[PlyCount "77"]
[EventDate "2010.09.12"]
[EventType "team-tourn"]
[EventRounds "11"]
[EventCountry "HUN"]
[SourceTitle "EXT 2012"]
[Source "ChessBase"]
[SourceDate "2011.11.24"]
[SourceVersion "1"]
[SourceVersionDate "2011.11.24"]
[SourceQuality "1"]
[WhiteTeam "MAFC"]
[BlackTeam "Geniusz Tata"]
[WhiteTeamCountry "HUN"]
[BlackTeamCountry "HUN"]

1. e4 g6 2. d4 Bg7 3. c4 d6 4. Nc3 Nf6 5. Nf3 0-0 6. Be2 e5 7. 0-0 Nc6 8. d5 Ne7 9. Ne1 Nd7 10. Nd3 f5 11. Bd2 Nf6 12. f3 f4 13. g4 fxg3 14. hxg3 Nh5 15. Kg2 Kh8 16. f4 Nf6 17. fxe5 dxe5 18. Bg5 Qd7 19. Rh1 Neg8 20. Rh4 Re8 21. Qh1 b6 22. Qh2 Ba6 23. Rh1 Bf8 24. Rf1 Bg7 25. b3 Re7 26. Bg4 Qd6 27. Nf2 h5 28. Be6 Rxe6 29. dxe6 Nh7 30. Be3 Bf6 31. Rh3 Qxe6 32. g4 h4 33. g5 Nxg5 34. Rxh4+ Kg7 35. Bxg5 Bxg5 36. Rh7+ Kf8 37. Ng4+ Bf4 38. Nxe5 g5 39. Qh5 1-0

[Event "HUN-chT2 Breyer 0910"]
[Site "Hungary"]
[Date "2010.03.21"]
[Round "8"]
[White "Gal, Lajos"]
[Black "Zanaty, Zsolt"]
[Result "1/2-1/2"]
[WhiteElo "2123"]
[BlackElo "2191"]
[PlyCount "84"]
[EventDate "2009.11.08"]
[EventType "team-tourn"]
[EventRounds "11"]
[EventCountry "HUN"]
[SourceTitle "EXT 2011"]
[Source "ChessBase"]
[SourceDate "2010.11.26"]
[SourceVersion "1"]
[SourceVersionDate "2010.11.26"]
[SourceQuality "1"]
[WhiteTeam "Zoltek"]
[BlackTeam "MAFC"]
[WhiteTeamCountry "HUN"]
[BlackTeamCountry "HUN"]

1. f4 d5 2. Nf3 Nf6 3. e3 e6 4. b3 Be7 5. Bb2 0-0 6. Be2 c5 7. 0-0 Nc6 8. Bb5 Bd7 9. Bxc6 Bxc6 10. Ne5 Qc7 11. d3 Qd6 12. Nd2 Nd7 13. Nxc6 Qxc6 14. Qf3 Bf6 15. Bxf6 Nxf6 16. a4 Rac8 17. g4 Nd7 18. e4 dxe4 19. dxe4 e5 20. f5 f6 21. Rfd1 Rfd8 22. c3 Nb6 23. a5 Na8 24. Qe2 Nc7 25. Nc4 Nb5 26. Rd3 Rxd3 27. Qxd3 Kf8 28. Rd1 Ke7 29. Kf2 h6 30. Ne3 Nc7 31. Kf3 Ke8 32. Nd5 Nxd5 33. Qxd5 Qxd5 34. Rxd5 b5 35. axb6 axb6 36. Rd6 Rd8 37. Re6+ Kd7 38. Ke3 Kc7 39. Re7+ Rd7 40. Rxd7+ Kxd7 41. Kd3 b5 42. b4 cxb4 1/2-1/2

[Event "HUN-chT2 Erkel 0809"]
[Site "Hungary"]
[Date "2009.04.19"]
[Round "11.5"]
[White "Slezak, Robert1111"]
[Black "Zanaty, Zsolt"]
[Result "1-0"]
[WhiteElo "2120"]
[BlackElo "2185"]
[PlyCount "99"]
[EventDate "2008.10.26"]
[EventType "team-tourn"]
[EventRounds "11"]
[EventCountry "HUN"]
[SourceTitle "EXT 2010"]
[Source "ChessBase"]
[SourceDate "2010.11.25"]
[SourceVersion "1"]
[SourceVersionDate "2010.11.25"]
[SourceQuality "1"]
[WhiteTeam "Vaci"]
[BlackTeam "MAFC"]
[WhiteTeamCountry "HUN"]
[BlackTeamCountry "HUN"]

1. e4 e5 2. Nf3 Nc6 3. Bb5 a6 4. Ba4 Nf6 5. d4 exd4 6. 0-0 Be7 7. Re1 0-0 8. e5 Nd5 9. c3 d6 10. cxd4 Nb6 11. Bxc6 bxc6 12. Qc2 c5 13. dxc5 dxc5 14. Be3 Bb7 15. Bxc5 Bxc5 16. Qxc5 Bxf3 17. gxf3 Qg5+ 18. Kh1 Qf5 19. Re3 Rad8 20. Nc3 Rd2 21. Ne4 Nd7 22. Qc3 Rd5 23. Ng3 Qg5 24. Rae1 c5 25. e6 fxe6 26. Rxe6 Qd2 27. Qb3 Qd3 28. Qxd3 Rxd3 29. Rxa6 Rfxf3 30. Re2 Rf4 31. Rae6 Nf6 32. Kg2 h5 33. h3 Ra4 34. b3 Rh4 35. R6e3 Nd5 36. Rxd3 Nf4+ 37. Kf3 Nxd3 38. Rd2 Ne5+ 39. Kg2 Ng6 40. Ne2 Re4 41. Kf3 Re6 42. Ng3 Rf6+ 43. Ke4 Rf4+ 44. Ke3 h4 45. Ne4 Rf5 46. Rc2 Nf4 47. Rxc5 Rxc5 48. Nxc5 Nxh3 49. f4 Kf7 50. a4 1-0

[Event "HUN-chT2 Erkel 0809"]
[Site "Hungary"]
[Date "2009.02.22"]
[Round "8.4"]
[White "Toth, Laszlo4444"]
[Black "Zanaty, Zsolt"]
[Result "1-0"]
[WhiteElo "2211"]
[BlackElo "2185"]
[PlyCount "75"]
[EventDate "2008.10.26"]
[EventType "team-tourn"]
[EventRounds "11"]
[EventCountry "HUN"]
[SourceTitle "EXT 2010"]
[Source "ChessBase"]
[SourceDate "2010.11.25"]
[SourceVersion "1"]
[SourceVersionDate "2010.11.25"]
[SourceQuality "1"]
[WhiteTeam "Paszto"]
[BlackTeam "MAFC"]
[WhiteTeamCountry "HUN"]
[BlackTeamCountry "HUN"]

1. e4 e5 2. Nf3 Nc6 3. Bb5 a6 4. Ba4 Nf6 5. Bxc6 dxc6 6. d3 Bg4 7. 0-0 Be7 8. Nbd2 0-0 9. Nc4 Nd7 10. Ne3 Bxf3 11. Qxf3 Bg5 12. Qg4 Bxe3 13. Bxe3 Qe7 14. f4 exf4 15. Rxf4 Nc5 16. Qh5 Nd7 17. Raf1 f6 18. a3 b6 19. Qh3 Rae8 20. Kh1 Rf7 21. Bd4 Qe6 22. Qg3 Qd6 23. Bc3 c5 24. Qh3 Qe6 25. Rf5 g6 26. Qg3 Ref8 27. R5f3 Qd6 28. Qh3 Ne5 29. Rf4 a5 30. Qg3 Qe7 31. h4 Kg7 32. Rxf6 Kg8 33. Rxf7 Rxf7 34. Rxf7 Nxf7 35. Kg1 Qd6 36. Qg4 Nd8 37. Qf3 Qe6 38. Qf4 1-0

[Event "HUN-chT2 Erkel 0809"]
[Site "Hungary"]
[Date "2009.01.25"]
[Round "6.3"]
[White "Zanaty, Zsolt"]
[Black "Molnar, Laszlo"]
[Result "1/2-1/2"]
[WhiteElo "2185"]
[BlackElo "2247"]
[PlyCount "29"]
[EventDate "2008.10.26"]
[EventType "team-tourn"]
[EventRounds "11"]
[EventCountry "HUN"]
[SourceTitle "EXT 2010"]
[Source "ChessBase"]
[SourceDate "2010.11.25"]
[SourceVersion "1"]
[SourceVersionDate "2010.11.25"]
[SourceQuality "1"]
[WhiteTeam "MAFC"]
[BlackTeam "Ujszasz"]
[WhiteTeamCountry "HUN"]
[BlackTeamCountry "HUN"]

1. e4 e5 2. Nf3 Nc6 3. Bb5 Nf6 4. 0-0 Nxe4 5. Re1 Nd6 6. Nxe5 Be7 7. Ba4 Nxe5 8. Rxe5 0-0 9. d4 Bf6 10. Re1 Nf5 11. c3 d5 12. Nd2 Nd6 13. Nf1 c6 14. Bc2 Bf5 15. Ng3 1/2-1/2

[Event "HUN-chT2 Erkel 0809"]
[Site "Hungary"]
[Date "2008.11.02"]
[Round "2.3"]
[White "Czegledi, Laszlo"]
[Black "Zanaty, Zsolt"]
[Result "0-1"]
[WhiteElo "2204"]
[BlackElo "2185"]
[PlyCount "84"]
[EventDate "2008.10.26"]
[EventType "team-tourn"]
[EventRounds "11"]
[EventCountry "HUN"]
[SourceTitle "EXT 2010"]
[Source "ChessBase"]
[SourceDate "2010.11.25"]
[SourceVersion "1"]
[SourceVersionDate "2010.11.25"]
[SourceQuality "1"]
[WhiteTeam "Jaszbereny"]
[BlackTeam "MAFC"]
[WhiteTeamCountry "HUN"]
[BlackTeamCountry "HUN"]

1. e4 d6 2. d4 Nf6 3. Nc3 c6 4. Bg5 Nbd7 5. f4 Qa5 6. Qd2 e5 7. Nf3 Be7 8. d5 0-0 9. 0-0-0 a6 10. Kb1 Re8 11. Bxf6 Nxf6 12. Bd3 cxd5 13. exd5 Bg4 14. Rde1 Bxf3 15. gxf3 Rec8 16. Bf5 Re8 17. fxe5 dxe5 18. Rxe5 Bb4 19. Rxe8+ Nxe8 20. Rd1 Nd6 21. Bd3 Rc8 22. Qf4 Rxc3 23. bxc3 Ba3 24. Qd4 Nb5 25. Qc4 Nxc3+ 26. Ka1 Nxd1 27. Qc8+ Bf8 28. Qxb7 Qc3+ 29. Kb1 a5 30. Qb5 g6 31. Qb3 Qxb3+ 32. axb3 Nc3+ 33. Kb2 Nxd5 34. c4 Nb4 35. Be4 Bc5 36. Ka3 Na6+ 37. Ka4 Bb4 38. Kb5 Nc5 39. Bc2 f5 40. h4 h5 41. Kc6 Kf7 42. Kd5 Kf6 0-1